Santa Rosa y Río Blanco /

Colección que reconstruye visual y textualmente, la historia de las principales localidades veracruzanas, con imágenes resguardadas por el Archivo General del estado y que son, en sí mismas, expresiones creativas de sus fotógrafos.

Gespeichert in:
Bibliographische Detailangaben
1. Verfasser: Delgado, Ana Laura (coordinación y edición)
Körperschaft: Archivo General del Estado de Veracruz. Departamento de Fotografía
Weitere Verfasser: Maawad, David (edición) (edición), García Díaz, Bernardo (edición y texto) (edición y texto), Delgado Rannauro, Dante (presentación) (presentación)
Format: Buch
Sprache:Spanisch
Veröffentlicht: Jalapa, México : Archivo General del Estado de Veracruz, 1989, c1989
Schriftenreihe:(Veracruz Imágenes de su Historia)
Schlagworte:
Tags: Tag hinzufügen
Keine Tags, Fügen Sie das erste Tag hinzu!

MARC

LEADER 00000nam^a2200000^a^4500
001 000450806
005 20250526000000.0
008 221115
009 20260310123756.452
020 |a 968-6171-26-6 
037 |a Acervo ITESO - Biblioteca 
041 |a ESP 
082 |a 770. 97262  |b VER SAN 
100 |a Delgado, Ana Laura  |e (coordinación y edición) 
240 1 1 |a [Veracruz: imágenes de su historia] 
245 1 0 |a Santa Rosa y Río Blanco /  |c Coord. y ed. de A.L. Delgado ; ed. de D. Maawad ; ed. y texto de B. García Díaz ; presen. de D. Delgado Rannauro ; Archivo General del Estado de Veracruz, Departamento de Fotografía. 
264 4 |a Jalapa, México :  |b Archivo General del Estado de Veracruz,  |c 1989, c1989 
300 |a 167 p. ;  |c 29.5 cm. 
336 |a texto  |b txt  |2 rdacontenido 
337 |a sin mediación  |b n  |2 rdamedio 
338 |a volumen  |b nc  |2 rdasoporte 
440 1 |a (Veracruz Imágenes de su Historia) 
520 |a Colección que reconstruye visual y textualmente, la historia de las principales localidades veracruzanas, con imágenes resguardadas por el Archivo General del estado y que son, en sí mismas, expresiones creativas de sus fotógrafos. 
649 |a XX 
650 |a Fotógrafos Veracruzanos 
650 |a Fotógrafos Mexicanos 
650 |a Artistas Veracruzanos 
650 |a Artistas Mexicanos 
650 |a Fotografía en Blanco y Negro -  |z Santa Rosa, Veracruz 
650 |a Fotografía en Blanco y Negro -  |z Río Blanco, Veracruz 
650 |a Fotografía en Blanco y Negro -  |z Veracruz 
650 |a Fotografía en Blanco y Negro -  |z México 
650 |a Fotografía Veracruzana -  |x Tema Principal 
650 |a Fotografía Veracruzana -  |x Historia y Crítica 
650 |a Fotografía Veracruzana -  |y Siglo XIX 
650 |a Fotografía Veracruzana -  |y Siglo XX 
650 |a Fotografía Mexicana -  |x Historia y Crítica 
650 |a Fotografía Mexicana -  |y Siglo XIX 
650 |a Fotografía Mexicana -  |y Siglo XX 
650 |a Arte Veracruzano -  |x Historia y Crítica 
650 |a Arte Veracruzano -  |y Siglo XIX 
650 |a Arte Veracruzano -  |y Siglo XX 
650 |a Arte Mexicano -  |x Historia y Crítica 
650 |a Arte Mexicano -  |y Siglo XIX 
650 |a Arte Mexicano -  |y Siglo XX 
650 |a Santa Rosa, Veracruz -  |x Fotografías -  |x Tema Principal 
650 |a Santa Rosa, Veracruz -  |x Historia 
650 |a Río Blanco, Veracruz -  |x Fotografías -  |x Tema Principal 
650 |a Río Blanco, Veracruz -  |x Historia 
650 |a Veracruz -  |x Fotografías 
650 |a Veracruz -  |x Historia 
650 |a México -  |x Fotografías 
650 |a México -  |x Historia 
700 |a Maawad, David  |e (edición) 
700 |a García Díaz, Bernardo  |e (edición y texto) 
700 |a Delgado Rannauro, Dante  |e (presentación) 
710 |a Archivo General del Estado de Veracruz.  |b Departamento de Fotografía 
910 |a Fondo Pedro Valtierra 
920 |a Impresos - Libros 
930 |a Libros Antiguos y Raros 
905 |a 129 
901 |a 0500365694  |b IT2  |c LRA  |i D  |u 20250526 
902 |a https://opac.biblio.iteso.mx/vufind/Record/000450806